Tech Talk (Record no. 8466)

000 -LEADER
fixed length control field 00216nam a22001097a 4500
040 ## - CATALOGING SOURCE
Transcribing agency HS
082 ## - DEWEY DECIMAL CLASSIFICATION NUMBER
Classification number 428
100 ## - MAIN ENTRY--AUTHOR NAME
Personal name JOHN SYDES
245 ## - TITLE STATEMENT
Title Tech Talk
260 ## - PUBLICATION, DISTRIBUTION, ETC. (IMPRINT)
Place of publication Oxford university
Name of publisher JOHN SYDES
Year of publication 2010
942 ## - ADDED ENTRY ELEMENTS (KOHA)
Koha item type សៀវភៅភាសាអង់គ្លេស
952 ## - LOCATION AND ITEM INFORMATION (KOHA)
Withdrawn status [LOCAL, KOHA] 0
952 ## - LOCATION AND ITEM INFORMATION (KOHA)
Withdrawn status [LOCAL, KOHA] 0
952 ## - LOCATION AND ITEM INFORMATION (KOHA)
Withdrawn status [LOCAL, KOHA] 0
952 ## - LOCATION AND ITEM INFORMATION (KOHA)
Withdrawn status [LOCAL, KOHA] 0
Holdings
Permanent Location Date acquired Koha item type Lost status Shelving location Barcode Current Location Full call number
Library Block C2016-08-02សៀវភៅភាសាអង់គ្លេស C185RUA045464Library Block C428 JOH NA C185 Or.1
Library Block C2016-08-02សៀវភៅភាសាអង់គ្លេស C185RUA045494Library Block C428 JOH NA C185 Or.2
Library Block C2016-08-02សៀវភៅភាសាអង់គ្លេស C185rua045349Library Block C428 JOH 2010 C185 OR.3
Library Block C2016-08-02សៀវភៅភាសាអង់គ្លេស C141RUA045779Library Block C428 JOH NA C141
មជ្ឈមណ្ឌលឯការនៃសាកលវិទ្យាល័យភូមិន្ទកសិកម្មចំការដូង

Powered by Koha